Opera

Պահպանված է:
Մատենագիտական մանրամասներ
Հիմնական հեղինակ: Plotino (Հեղինակ)
Ձևաչափ: Գիրք
Լեզու:լատիներեն
հունարեն
Հրապարակվել է: París Desclée de Brouwer 1951
Շարք:Mvsevm Lessianvm Series Philosophica, 33
Խորագրեր:
Ցուցիչներ: Ավելացրեք ցուցիչ
Չկան պիտակներ, Եղեք առաջինը, ով նշում է այս գրառումը!

MARC

LEADER 00000nam a2200000 a 4500
001 UCZ3460
003 CL-VaPUC
008 951020e19510000FR |||||||||||||||||lat|d
041 0 7 |a lat  |2 CL-VaPUC 
041 0 7 |a gre  |2 CL-VaPUC 
082 0 4 |a 186.4  |b PLO  |2 21 
100 0 |a Plotino  |e author  |9 266516 
245 1 0 |a Opera 
300 |a v 
942 |c BK 
945 |d 19951020 00:00:00  |a lriquelm 
260 |a París  |b Desclée de Brouwer  |c 1951 
500 |a v.1: Porphyrii vita Plotini. Enneades I-III 
500 |a v.2: Enneades IV-V 
500 |a v.3: Enneas VI 
650 0 |a Filosofía griega  |9 265579 
650 0 |a Neoplatonismo  |9 265877 
650 0 |a Escuelas filosóficas   |9 266232 
650 0 |a Metafísica  |9 265649 
583 |a last modification  |c 19951020 00:00:00  |k Rodrigo Vera 
490 0 |a Mvsevm Lessianvm Series Philosophica, 33 
999 |c 239932  |d 239930 
952 |0 0  |1 0  |4 0  |6 186_400000000000000_PLO_1951  |7 0  |8 P  |9 251471  |a BIBEDU  |b BIBEDU  |c BIBEDU_PB  |d 2019-11-18  |h v.1  |i 1589423  |o 186.4 PLO 1951  |p 1589423  |r 2024-01-25  |w 2019-11-18  |y BK  |k FIL 
952 |0 0  |1 0  |4 0  |6 186_400000000000000_PLO_1951  |7 0  |8 P  |9 251472  |a BIBEDU  |b BIBEDU  |c BIBEDU_PB  |d 2019-11-18  |h v.2  |i 1589431  |o 186.4 PLO 1951  |p 1589431  |r 2024-01-25  |w 2019-11-18  |y BK  |k FIL 
952 |0 0  |1 0  |4 0  |6 186_400000000000000_PLO_1951  |7 0  |8 P  |9 251473  |a BIBEDU  |b BIBEDU  |c BIBEDU_PB  |d 2019-11-18  |h v.3  |i 158944K  |o 186.4 PLO 1951  |p 158944K  |r 2024-01-25  |w 2019-11-18  |y BK  |k FIL